[Event "POR-ch rapid (Women)"]
[Site "Matosinhos"]
[Date "2016.03.19"]
[Round "5"]
[White "Ferreira, Ana Margarida"]
[Black "Oliveira, Maria Alice Ramos"]
[Result "0-1"]
[WhiteElo "1848"]
[BlackElo "1530"]
[PlyCount "98"]
[EventDate "2016.03.19"]
[EventType "swiss (rapid)"]
[EventRounds "6"]
[EventCountry "POR"]
[SourceTitle "EXT 2018"]
[Source "ChessBase"]
[SourceDate "2017.10.13"]
[SourceVersion "1"]
[SourceVersionDate "2017.10.13"]
[SourceQuality "1"]

1. e4 e5 2. Nf3 Nc6 3. Bb5 a6 4. Ba4 Nf6 5. 0-0 Be7 6. Re1 b5 7. Bb3 d6 8. h3 0-0 9. c3 Na5 10. Bc2 c5 11. d3 Nc6 12. Nbd2 d5 13. exd5 Qxd5 14. Nf1 Bb7 15. Bb3 Qd6 16. Qe2 Nd7 17. Ng3 g6 18. Bh6 Rfe8 19. Ng5 Bxg5 20. Bxg5 Na5 21. Ne4 Bxe4 22. Qxe4 Nxb3 23. axb3 f5 24. Qf3 Nf6 25. Rad1 Ra7 26. Bxf6 Qxf6 27. Qd5+ Kg7 28. Qxc5 Rd7 29. d4 e4 30. c4 bxc4 31. bxc4 Red8 32. d5 Qxb2 33. Qd4+ Qxd4 34. Rxd4 Rc7 35. Rc1 Rc5 36. Kf1 Rd6 37. Ke2 Kf6 38. Rd2 Ke5 39. f3 Kf4 40. fxe4 fxe4 41. Rf1+ Ke5 42. Rc1 Kf4 43. Rb2 Ke5 44. Ke3 Rdxd5 45. cxd5 Rxc1 46. Rd2 Re1+ 47. Kf2 e3+ 48. Kxe1 exd2+ 49. Kxd2 Kxd5 0-1

[Event "Porto Axis op"]
[Site "Porto"]
[Date "2014.03.16"]
[Round "6"]
[White "Santos, Jose Miguel Sereno"]
[Black "Ferreira, Ana Margarida"]
[Result "0-1"]
[WhiteElo "1624"]
[BlackElo "1823"]
[PlyCount "116"]
[EventDate "2014.03.11"]
[EventType "swiss"]
[EventRounds "7"]
[EventCountry "POR"]
[SourceTitle "EXT 2015"]
[Source "ChessBase"]
[SourceDate "2014.11.20"]
[SourceVersion "1"]
[SourceVersionDate "2014.11.20"]
[SourceQuality "1"]

1. e4 c5 2. Nc3 e6 3. f4 Nc6 4. Nf3 d6 5. Bc4 Nf6 6. d3 Be7 7. Bd2 0-0 8. 0-0 a6 9. a3 b5 10. Ba2 Bb7 11. Ne2 Qb6 12. Kh1 Rad8 13. h3 e5 14. f5 d5 15. exd5 Nxd5 16. Ng3 Kh8 17. Ne4 f6 18. Nh4 c4 19. Ng6+ Kg8 20. Nxf8 Kxf8 21. Qe1 Nd4 22. Be3 Nxe3 23. Qxe3 Qc7 24. Rac1 Qd7 25. g4 cxd3 26. cxd3 b4 27. axb4 Nb5 28. Bc4 Nd6 29. Be6 Qb5 30. Kh2 Qxb4 31. Rf2 Nxe4 32. dxe4 Bxe4 33. Re2 Bb7 34. Rec2 e4 35. Qe1 Bd6+ 36. Kg1 Qd4+ 37. Qf2 e3 38. Qe2 Qe4 39. Qg2 Qb4 40. Qe2 Qf4 41. Qh2 Qxh2+ 42. Rxh2 Bxh2+ 43. Kxh2 Rd2+ 44. Kg1 Rg2+ 45. Kf1 e2+ 46. Ke1 Rg1+ 47. Kd2 Rxc1 48. Kxe2 Rh1 49. Ke3 Rxh3+ 50. Kd4 Ke7 51. b4 Rh2 52. Kc5 Rb2 53. Bg8 h6 54. Be6 Bf3 55. Bd5 Bxd5 56. Kxd5 Rxb4 57. Kc6 Rxg4 58. Kb6 Kd6 0-1

[Event "POR-ch (Women)"]
[Site "Lisbon"]
[Date "2011.12.18"]
[Round "3"]
[White "Ferreira, Ana Margarida"]
[Black "Pereira, Susana Martins"]
[Result "0-1"]
[WhiteElo "1839"]
[BlackElo "1547"]
[PlyCount "52"]
[EventDate "2011.12.17"]
[EventType "swiss"]
[EventRounds "6"]
[EventCountry "POR"]
[SourceTitle "CBM 146 Extra"]
[Source "ChessBase"]
[SourceDate "2012.02.29"]
[SourceVersion "1"]
[SourceVersionDate "2012.02.29"]
[SourceQuality "1"]

1. e4 c5 2. Nc3 e6 3. Nf3 d6 4. d4 cxd4 5. Nxd4 Be7 6. Bc4 Nf6 7. 0-0 a6 8. a4 b6 9. Qe2 Bb7 10. Bxe6 fxe6 11. Nxe6 Qc8 12. Nxg7+ Kd7 13. e5 Qc6 14. e6+ Kc7 15. f3 Rg8 16. Nf5 Qc5+ 17. Ne3 d5 18. Na2 d4 19. b4 Qe5 20. Qc4+ Nc6 21. Nd1 b5 22. Qd3 Bd6 23. f4 Qh5 24. Qf3 Ne7 25. Qxh5 Rxg2+ 26. Kh1 Rg4+ 0-1

[Event "POR Honra"]
[Site "Vila Nova de Gaia"]
[Date "2011.06.05"]
[Round "1"]
[White "Saraiva, Tania Andrea Vaz"]
[Black "Ferreira, Ana Margarida"]
[Result "0-1"]
[WhiteElo "2025"]
[BlackElo "1794"]
[PlyCount "74"]
[EventDate "2011.06.05"]
[EventType "tourn"]
[EventRounds "9"]
[EventCountry "POR"]
[SourceTitle "CBM 142 Extra"]
[Source "ChessBase"]
[SourceDate "2011.06.27"]
[SourceVersion "1"]
[SourceVersionDate "2011.06.27"]
[SourceQuality "1"]

1. e4 c5 2. Nf3 e6 3. d4 cxd4 4. Nxd4 a6 5. Nc3 Qc7 6. a3 Nf6 7. Be3 b5 8. Be2 b4 9. axb4 Bxb4 10. f3 Bxc3+ 11. bxc3 Qxc3+ 12. Kf2 Bb7 13. Nb3 Qc7 14. Nc5 Bc6 15. Nxa6 Nxa6 16. Rxa6 0-0 17. Bc5 Rxa6 18. Bxa6 Ra8 19. Be2 Bxe4 20. Qd4 Bxc2 21. h4 e5 22. Qd6 Qxd6 23. Bxd6 e4 24. Be5 e3+ 25. Kxe3 Re8 26. Kd4 h6 27. Bb5 Bf5 28. Rc1 Re6 29. g4 Rb6 30. Rc8+ Kh7 31. Bxf6 gxf6 32. Rc5 Be6 33. Bd3+ Kg7 34. Bc4 Rb4 35. Kc3 Rxc4+ 36. Rxc4 Bxc4 37. Kxc4 f5 0-1

[Event "Olympiad Women-39"]
[Site "Khanty-Mansiysk"]
[Date "2010.09.25"]
[Round "5.17"]
[White "Ferreira, Ana Margarida"]
[Black "Saric, Kristina"]
[Result "0-1"]
[WhiteElo "1816"]
[BlackElo "2225"]
[PlyCount "64"]
[EventDate "2010.09.21"]
[EventType "team-swiss"]
[EventRounds "11"]
[EventCountry "RUS"]
[SourceTitle "CBM 139"]
[Source "ChessBase"]
[SourceDate "2010.11.18"]
[SourceVersion "1"]
[SourceVersionDate "2010.11.18"]
[SourceQuality "1"]
[WhiteTeam "Portugal (W)"]
[BlackTeam "Croatia (W)"]
[WhiteTeamCountry "POR"]
[BlackTeamCountry "CRO"]

1. e4 c5 2. Nf3 d6 3. d4 cxd4 4. Nxd4 Nf6 5. Nc3 Nc6 6. Bc4 Qb6 7. Nb3 e6 8. Be3 Qc7 9. f4 Be7 10. 0-0 0-0 11. Kh1 a6 12. Bd3 b5 13. a3 Bb7 14. Qf3 Rac8 15. Qh3 b4 16. Ne2 g6 17. f5 exf5 18. exf5 bxa3 19. bxa3 Ne5 20. Nbd4 Nfg4 21. Bd2 Qd8 22. Rab1 Rb8 23. Nf4 Qe8 24. Be2 Nf6 25. fxg6 hxg6 26. Nd3 Qd7 27. Nf5 gxf5 28. Nxe5 dxe5 29. Rxf5 Qxd2 30. Qg3+ Kh8 31. Qh3+ Nh7 32. Rbf1 Qxe2 0-1

[Event "POR-ch U20"]
[Site "Sao Pedro do Sul"]
[Date "2007.04.05"]
[Round "7"]
[White "Ferreira, Ana Margarida"]
[Black "Pires, Gustavo"]
[Result "1/2-1/2"]
[WhiteElo "1598"]
[BlackElo "1966"]
[PlyCount "38"]
[EventDate "2007.03.31"]
[EventType "swiss"]
[EventRounds "7"]
[EventCountry "POR"]
[SourceTitle "EXT 2024"]
[Source "ChessBase"]
[SourceDate "2023.10.10"]
[SourceVersion "1"]
[SourceVersionDate "2023.10.10"]
[SourceQuality "1"]

1. e4 c5 2. Nf3 d6 3. d4 cxd4 4. Nxd4 Nf6 5. Nc3 g6 6. Bc4 Bg7 7. f3 0-0 8. Be3 Nc6 9. Qd2 Bd7 10. 0-0-0 Qa5 11. g4 Rfc8 12. Bb3 Ne5 13. h4 h5 14. gxh5 Nxh5 15. Nd5 Qxd2+ 16. Rxd2 Kf8 17. Nf4 Nxf4 18. Bxf4 Nc4 19. Bxc4 Rxc4 1/2-1/2

[Event "POR-ch U20"]
[Site "Sao Pedro do Sul"]
[Date "2007.04.01"]
[Round "2"]
[White "Barbosa, Fabio Emanuel Olive"]
[Black "Ferreira, Ana Margarida"]
[Result "1-0"]
[WhiteElo "2059"]
[BlackElo "1598"]
[PlyCount "101"]
[EventDate "2007.03.31"]
[EventType "swiss"]
[EventRounds "7"]
[EventCountry "POR"]
[SourceTitle "EXT 2024"]
[Source "ChessBase"]
[SourceDate "2023.10.10"]
[SourceVersion "1"]
[SourceVersionDate "2023.10.10"]
[SourceQuality "1"]

1. e4 c5 2. Nf3 e6 3. d4 cxd4 4. Nxd4 a6 5. Nc3 Qc7 6. Be2 Nf6 7. 0-0 Be7 8. a4 0-0 9. Nb3 d6 10. f4 Nbd7 11. Bf3 Nb6 12. Kh1 Nc4 13. Qe2 Rb8 14. Nd2 b5 15. axb5 axb5 16. Nxb5 Rxb5 17. Nxc4 Rc5 18. Ne3 Bd7 19. c4 Rb8 20. b4 Rxc4 21. Qxc4 Qxc4 22. Nxc4 Bb5 23. Ne3 Bxf1 24. Nxf1 Rxb4 25. Ng3 h5 26. Bd2 Rb5 27. h3 h4 28. Ne2 d5 29. exd5 Nxd5 30. Bxd5 Rxd5 31. Ra2 Bf6 32. Kg1 Kh7 33. Kf2 Rd3 34. Be3 Kg6 35. Kf3 Be7 36. Rd2 Ra3 37. Nc1 Bf6 38. Rd3 Rxd3 39. Nxd3 Kf5 40. Ne5 Bxe5 41. fxe5 Kxe5 42. Bg5 g6 43. Bxh4 f5 44. Bd8 Kd5 45. Kf4 e5+ 46. Kg5 Ke4 47. Kxg6 f4 48. h4 f3 49. gxf3+ Kxf3 50. h5 e4 51. h6 1-0

[Event "Boavista-ch 3rd"]
[Site "Lisbon"]
[Date "2004.04.11"]
[Round "9"]
[White "Gomes, Estevao Manuel Da"]
[Black "Ferreira, Ana Margarida"]
[Result "1/2-1/2"]
[WhiteElo "1980"]
[BlackElo "1408"]
[PlyCount "138"]
[EventDate "2004.04.05"]
[EventType "swiss"]
[EventRounds "9"]
[EventCountry "POR"]
[SourceTitle "EXT 2005"]
[Source "ChessBase"]
[SourceDate "2004.11.15"]
[SourceVersion "1"]
[SourceVersionDate "2004.11.15"]
[SourceQuality "1"]

1. e4 c5 2. Nf3 Nc6 3. d4 cxd4 4. Nxd4 g6 5. Be3 Bg7 6. Nc3 a6 7. Qd2 Nf6 8. f3 0-0 9. 0-0-0 Qc7 10. Be2 d6 11. Nb3 b5 12. Rdg1 Ne5 13. h4 Nc4 14. Bxc4 bxc4 15. Nd4 h5 16. g4 Rb8 17. gxh5 Nxh5 18. Nd5 Qb7 19. c3 Bxd4 20. cxd4 e5 21. dxe5 dxe5 22. Qc3 Be6 23. Bc5 Rfd8 24. Be7 Rd7 25. Nf6+ Nxf6 26. Bxf6 Rd3 27. Qxe5 c3 28. Rxg6+ fxg6 29. Qxe6+ Qf7 30. Qxf7+ Kxf7 31. Bxc3 Rxf3 32. h5 gxh5 33. Rxh5 Rb6 34. Rh7+ Kg6 35. Rg7+ Kh5 36. Rd7 Kg4 37. e5 Rc6 38. Rd6 Rfxc3+ 39. bxc3 Rxc3+ 40. Kb2 Re3 41. e6 Kf5 42. Rxa6 Rxe6 43. Ra5+ Re5 44. Ra8 Re2+ 45. Kc3 Re3+ 46. Kc4 Re4+ 47. Kc5 Re5+ 48. Kc6 Re6+ 49. Kd7 Re2 50. a4 Rd2+ 51. Kc7 Rc2+ 52. Kb7 Ke5 53. a5 Rb2+ 54. Ka7 Kd5 55. Rc8 Kd6 56. a6 Kd7 57. Rc5 Kd6 58. Rc4 Kd5 59. Rc3 Kd6 60. Ka8 Kd7 61. Rh3 Kc8 62. Rh8+ Kc7 63. Rh7+ Kc8 64. Rb7 Ra2 65. a7 Ra3 66. Rb4 Kc7 67. Rc4+ Kb6 68. Kb8 Rxa7 69. Rb4+ Kc5 1/2-1/2

[Event "Boavista-ch 3rd"]
[Site "Lisbon"]
[Date "2004.04.06"]
[Round "2"]
[White "Oliveira, Eduardo"]
[Black "Ferreira, Ana Margarida"]
[Result "1/2-1/2"]
[WhiteElo "1923"]
[BlackElo "1408"]
[PlyCount "52"]
[EventDate "2004.04.05"]
[EventType "swiss"]
[EventRounds "9"]
[EventCountry "POR"]
[SourceTitle "EXT 2005"]
[Source "ChessBase"]
[SourceDate "2004.11.15"]
[SourceVersion "1"]
[SourceVersionDate "2004.11.15"]
[SourceQuality "1"]

1. e4 e6 2. d4 d5 3. exd5 exd5 4. Bd3 Bd6 5. c3 c6 6. Be3 Be6 7. Qc2 Nf6 8. h3 h6 9. Ne2 0-0 10. Nd2 Qc7 11. Nf3 Re8 12. 0-0-0 a5 13. g4 Nfd7 14. a4 c5 15. Bb5 c4 16. Rdg1 Nc6 17. g5 h5 18. g6 f6 19. Ng3 Na7 20. Nxh5 Nxb5 21. axb5 a4 22. Kd2 a3 23. Ra1 axb2 24. Qxb2 Bf5 25. Nh4 Bd3 26. Rhg1 Nf8 1/2-1/2

[Event "Boavista-ch 3rd"]
[Site "Lisbon"]
[Date "2004.04.05"]
[Round "1"]
[White "Ferreira, Ana Margarida"]
[Black "Barbosa, Fabio Emanuel Olive"]
[Result "0-1"]
[WhiteElo "1408"]
[BlackElo "1995"]
[PlyCount "106"]
[EventDate "2004.04.05"]
[EventType "swiss"]
[EventRounds "9"]
[EventCountry "POR"]
[SourceTitle "EXT 2005"]
[Source "ChessBase"]
[SourceDate "2004.11.15"]
[SourceVersion "1"]
[SourceVersionDate "2004.11.15"]
[SourceQuality "1"]

1. d4 Nf6 2. c4 g6 3. Nf3 Bg7 4. Nc3 d5 5. e3 c6 6. Bd3 0-0 7. 0-0 Nbd7 8. b3 a6 9. Bb2 b5 10. cxd5 cxd5 11. Rc1 Bb7 12. Qe2 Ne4 13. Nd2 f5 14. Bxe4 dxe4 15. f3 exf3 16. Nxf3 Qb6 17. Rfd1 e6 18. Rd2 Rac8 19. Rdc2 Rfe8 20. Nd1 Qd6 21. Rxc8 Rxc8 22. Rxc8+ Bxc8 23. Kf2 Bb7 24. h3 Nf6 25. Nc3 Nh5 26. Ne5 Bxe5 27. dxe5 Qxe5 28. Qd2 Qc7 29. Ne2 Be4 30. Qd4 Ng7 31. Nf4 e5 32. Qxe5 Qxe5 33. Bxe5 g5 34. Bxg7 Kxg7 35. Ne2 Kf6 36. b4 Ke5 37. Nc3 f4 38. a4 bxa4 39. Nxa4 fxe3+ 40. Kxe3 Bxg2 41. Nc5 Bf1 42. Kf2 Bb5 43. Kg3 Kd4 44. Kg4 Kc3 45. Kxg5 Kxb4 46. Nxa6+ Bxa6 47. Kh6 Bd3 48. h4 Kc4 49. Kg5 Kd4 50. h5 Ke5 51. Kh6 Kf4 52. Kg7 Kg5 53. h6 Bg6 0-1

[Event "Aveiro Campeoes-B 3rd"]
[Site "Aveiro"]
[Date "2002.03.16"]
[Round "6.3"]
[White "Cardote, Maria Beatriz"]
[Black "Ferreira, Ana Margarida"]
[Result "0-1"]
[WhiteElo "1123"]
[BlackElo "1161"]
[PlyCount "134"]
[EventDate "2002.03.09"]
[EventType "tourn"]
[EventRounds "7"]
[EventCountry "POR"]
[SourceTitle "EXT 2003"]
[Source "ChessBase"]
[SourceDate "2002.11.25"]
[SourceVersion "1"]
[SourceVersionDate "2002.11.25"]
[SourceQuality "1"]

1. d4 c5 2. c3 Nf6 3. Bf4 d5 4. Nf3 Nc6 5. e3 e6 6. Bd3 Be7 7. 0-0 h6 8. Qc2 0-0 9. h3 a6 10. Nbd2 b5 11. Rfe1 Bb7 12. Rad1 cxd4 13. exd4 Rc8 14. a3 Re8 15. Re2 Na7 16. Nb3 a5 17. Ree1 b4 18. axb4 axb4 19. Rc1 bxc3 20. bxc3 Bb4 21. Nfd2 Rxc3 22. Qb2 Rxd3 23. Rcd1 Rc3 24. Nf3 Qb6 25. Bd2 Rc4 26. Bxb4 Qxb4 27. Rb1 Rec8 28. Nbd2 Qxb2 29. Rxb2 R4c7 30. Ra1 Nc6 31. Rab1 Ba8 32. Rc1 Ne7 33. Rxc7 Rxc7 34. Rb8+ Rc8 35. Rxc8+ Nxc8 36. Kf1 Kf8 37. Ke2 Ke7 38. Ke3 Kd6 39. Kd3 Bb7 40. Ne5 Ke7 41. Kc3 Nd7 42. Nxd7 Kxd7 43. Kb4 Kc6 44. Nf3 f6 45. g4 Ba6 46. Nd2 Nd6 47. f3 Nf7 48. h4 Nd6 49. Kc3 Be2 50. f4 Bxg4 51. Kd3 Bf5+ 52. Ke2 Nc4 53. Nxc4 dxc4 54. Kd2 Kd5 55. Kc3 h5 56. Kd2 Kxd4 57. Kc1 Kc3 58. Kd1 Kb2 59. Kd2 c3+ 60. Kd1 c2+ 61. Ke2 c1Q 62. Kf2 Qc3 63. Kg2 Kc2 64. Kh2 Kd3 65. Kg1 Qc2 66. Kh1 Be4+ 67. Kg1 Qg2# 0-1

[Event "Aveiro Campeoes-B 3rd"]
[Site "Aveiro"]
[Date "2002.03.10"]
[Round "3.4"]
[White "Ferreira, Ana Margarida"]
[Black "Antao, Gabriel"]
[Result "1/2-1/2"]
[WhiteElo "1161"]
[BlackElo "1329"]
[PlyCount "104"]
[EventDate "2002.03.09"]
[EventType "tourn"]
[EventRounds "7"]
[EventCountry "POR"]
[SourceTitle "EXT 2003"]
[Source "ChessBase"]
[SourceDate "2002.11.25"]
[SourceVersion "1"]
[SourceVersionDate "2002.11.25"]
[SourceQuality "1"]

1. e4 c5 2. Nf3 d6 3. d4 cxd4 4. Nxd4 Nc6 5. Nc3 h6 6. a3 Nf6 7. Bb5 Bd7 8. 0-0 e6 9. f3 a6 10. Ba4 d5 11. exd5 Nxd5 12. Nxd5 exd5 13. Ne2 Bc5+ 14. Kh1 Be6 15. b4 Bb6 16. Bb2 0-0 17. Bb3 Qd6 18. Qd2 Bc7 19. Ng3 Qf4 20. Qxf4 Bxf4 21. Ne2 Be5 22. Bxe5 Nxe5 23. Nf4 Nc4 24. Bxc4 dxc4 25. Nxe6 fxe6 26. Rfe1 Rf6 27. Rad1 b5 28. Rd6 Kf7 29. Kg1 Ke7 30. Rd2 a5 31. Rd5 axb4 32. axb4 Rb8 33. Ree5 Rf5 34. Rxf5 exf5 35. Rxf5 Ke6 36. Rc5 Kf6 37. Kf2 g5 38. Ke3 Re8+ 39. Kd4 Rd8+ 40. Rd5 Rb8 41. Kc5 Ke6 42. Rd6+ Ke5 43. Rxh6 Rc8+ 44. Kxb5 Kd4 45. Rd6+ Kc3 46. Rd5 Rb8+ 47. Ka5 Ra8+ 48. Kb6 Kxc2 49. Rxg5 c3 50. Rc5 Kb2 51. b5 c2 52. Kb7 Rh8 1/2-1/2

[Event "POR-ch U14 Girls"]
[Site "Armacao de Pera"]
[Date "2001.04.07"]
[Round "1.5"]
[White "Silverio, Susana"]
[Black "Ferreira, Ana Margarida"]
[Result "1/2-1/2"]
[WhiteElo "1447"]
[BlackElo "1093"]
[PlyCount "62"]
[EventDate "2001.04.07"]
[EventType "swiss"]
[EventRounds "7"]
[EventCountry "POR"]
[SourceTitle "EXT 2002"]
[Source "ChessBase"]
[SourceDate "2001.11.25"]
[SourceVersion "1"]
[SourceVersionDate "2001.11.25"]
[SourceQuality "1"]

1. e4 e5 2. Nf3 Nf6 3. Nc3 Nc6 4. d3 Bc5 5. Qe2 h6 6. g3 d6 7. Bg2 0-0 8. 0-0 Re8 9. a3 Bg4 10. b4 Bxf3 11. Qxf3 Nd4 12. Qd1 Bb6 13. Be3 Qd7 14. Nd5 Nxd5 15. exd5 Qb5 16. c3 Nf5 17. Bxb6 Qxb6 18. Be4 g6 19. Bxf5 gxf5 20. d4 exd4 21. Qxd4 Qxd4 22. cxd4 Re4 23. Rfd1 c6 24. dxc6 bxc6 25. Rac1 Rc8 26. b5 c5 27. dxc5 dxc5 28. Rc3 Ra4 29. Rdc1 c4 30. Rb1 Rb8 31. Rb4 Rxb4 1/2-1/2